Five Biggest Countries by Sea - Statistics

General Stats
  • This quiz has been taken 1,589 times
  • The average score is 26 of 30
Answer Stats
Sea Country % Correct
South China China
96%
Adriatic Italy
95%
Caribbean Mexico
95%
Baltic Russia
95%
Mediterranean Egypt
94%
Baltic Finland
94%
Baltic Sweden
94%
Mediterranean Algeria
93%
Mediterranean Libya
93%
Baltic Germany
92%
Mediterranean France
91%
Baltic Poland
91%
Adriatic Croatia
90%
Arabian India
90%
Mediterranean Turkey
90%
South China Vietnam
90%
South China Indonesia
89%
Arabian Iran
89%
Adriatic Bosnia & Herzegovina
87%
Caribbean Colombia
87%
Arabian Pakistan
87%
Caribbean Venezuela
87%
Adriatic Albania
86%
South China Malaysia
84%
Adriatic Slovenia
83%
Caribbean Honduras
82%
Caribbean Nicaragua
82%
South China Thailand
81%
Arabian Yemen
77%
Arabian Somalia
66%
No matching quizzes found
Score Distribution
Percent of People with Each Score
Percentile by Number Answered
Your Score History
You have not taken this quiz